000 00267nam a2200133Ia 4500
100 _aMcGannon/H/E
942 _cBK
654 _aSteel
245 _aMaking
260 _bUnited States Steel
_aPitsburgh
_c1971
082 _a672
300 _a1420
546 _aENGLISH
999 _c35634
_d35634